| 000 | 00546nam a2200169Ia 4500 | ||
|---|---|---|---|
| 001 | 23436 | ||
| 003 | GE_BSU | ||
| 008 | 181216s||||||||xx |||||||||||||| ||und|| | ||
| 040 | _cGE_BSU | ||
| 245 | _aДипломатическая служба. №2. (77) 2018. | ||
| 245 | _bНаучно-практический журнал | ||
| 245 | _cГл. ред. Винокуров В. И. | ||
| 653 | _aДипломатическая служба. №2. (77) 2018. | ||
| 653 | _aПериодика | ||
| 653 | _aპერიოდიკა | ||
| 942 | _cCR | ||
| 999 |
_c56323 _d56323 |
||